| 000 | 03753cam a22005894i 4500 | ||
|---|---|---|---|
| 003 | PE-LiUPU | ||
| 005 | 20250731173035.0 | ||
| 008 | 151221s2016 miu rb 001 0 eng | ||
| 020 | _a0801030870 | ||
| 020 | _a9780801030871 | ||
| 035 | _a(Sirsi) i9780801030871 | ||
| 035 |
_a(OCoLC)913557661 _z(OCoLC)965433154 |
||
| 040 |
_aDLC _bespa _erda _cDLC _dYDX _dYDXCP _dBDX _dBTCTA _dOCLCF _dBUT _dNVS _dCDX _dZCU _dCHVBK _dNZABT _dOCLCO _dPE-LiUPU |
||
| 049 | _aPRUA | ||
| 050 | 0 | 0 |
_aBS531 _b.M34 2016 |
| 082 | 0 | 0 |
_a220.601 _bM2 _223 |
| 245 | 0 | 2 |
_aA manifesto for theological interpretation / _cCraig G. Bartholomew, Heath A. Thomas. |
| 264 | 1 |
_aGrand Rapids, Michigan : _bBaker Academic, a division of Baker Publishing Group, _c[2016] |
|
| 300 |
_axi, 292 páginas ; _c23 centímetros |
||
| 336 |
_atext _2rdacontent |
||
| 337 |
_aunmediated _2rdamedia |
||
| 338 |
_avolume _2rdacarrie |
||
| 504 | _aBibliografía al pie de página. | ||
| 504 | _aÍndices : páginas 279-292. | ||
| 505 | 0 | 0 |
_tHistory and reemergence of theological interpretation / _rAngus Paddison -- _tDoctrine of scripture and theological interpretation / _rMichael W. Goheen and _rMichael D. Williams -- _tEcclesia as primary context for the reception of the Bible / _rRobby Holt and _rAubrey Spears -- _tTheological interpretation and historical criticism / _rMurray Rae -- _tRole of hermeneutics and philosophy in theological interpretation / _rWilliam P. Olhausen -- _tCanon and theological interpretation / _rStephen G. Dempster -- _tBiblical theology and theological interpretation / _rDavid J.H. Beldman and _rJonathan Swales -- _tMission and theological interpretation / _rMichael W. Goheen and _rChristopher J.H. Wright -- _tTelos (Goal) of theological interpretation / _rHeath A. Thomas -- _tFramework for theological interpretation / _rDenis Farkasfalvy -- _tTheological commentary / _rMark Gignilliat and _rJonathan T. Pennington -- _tTheological interpretation for all of life / _rCraig G. Batholomew and _rMatthew Y. Emerson. |
| 520 | _aRecent decades have witnessed a renaissance of theological interpretation. Craig Bartholomew, coauthor of the bestselling The Drama of Scripture, and Heath Thomas bring together a team of specialists to articulate a multifaceted vision for returning rigorous biblical interpretation to the context of the church. Developed by the internationally recognized Scripture and Hermeneutics Seminar, this book is designed to bring clarity and unity to the enterprise of theological interpretation. It positively integrates multiple approaches to interpreting the Bible, combining academic rigor with pastoral sensitivity for professors, students, and church leaders. | ||
| 526 | _aSEG42 | ||
| 526 | _aSEG41 | ||
| 526 | _aSEG40 | ||
| 526 | _aSEG39 | ||
| 526 | _aP94 | ||
| 526 | _aP87 | ||
| 526 | _aP86 | ||
| 526 | _aP85 | ||
| 526 | _aP77 | ||
| 526 | _aP76 | ||
| 526 | _aP35 | ||
| 630 | 0 | 0 |
_aBible _xCriticism, interpretation, etc. |
| 630 | 0 | 0 |
_aBiblia _xCrítica, interpretación, etc. |
| 650 | 7 | _aTeología. | |
| 650 | 7 |
_aTheologie _2gnd _0(DE-588)4059758-1 |
|
| 655 | 4 | _aCrítica, interpretación, etc. | |
| 655 | 4 | _aCriticism, interpretation, etc. | |
| 700 | 1 |
_aBartholomew, Craig G., _d1961- , _eeditor. |
|
| 910 |
_adbm _bebj _cebj _d20171211 |
||
| 942 |
_2ddc _cBOOK |
||
| 949 |
_a220.601 M2 _wDEWEY _c1 _i77230 _lCATALOGING _mBUL _p18.80 _r0 _sY _tBOOK _u2017-12-11 _xPOSGRADO _PP85 _0DONACION _o.STAFF. Colección Teología. |
||
| 994 |
_aC0 _bPEPRU |
||
| 596 | _a1 | ||
| 999 |
_a220.601 M2 _wDEWEY _c26072 _i77230 _d26072 _f2021-11-9 _g4 _lCCODEBUL1 _mBUL _p18.80 _q2 _r0 _sY _tBOOK _u2017-12-11 _xTEOLOGIA _PP85 _0DONACION _o.STAFF. Coleccio¿¿n Teolog©Ưa. |
||
| 980 |
_81 _gALBERTO SANCHEZ Responsable de Automatización |
||